000 01261nam a2200421 a 4500
003 AR-BaBNM
005 20251128204811.0
008 082120s2002 ||||||||||||||000 | spa||
020 _a84-338-1907-0
040 _cAR-BaBNM
245 0 0 _aEducando para la paz
_bnuevas propuestas
260 _aGranada
_bUniversidad de Granada
_c1994
300 _a393 p.
_bcuadros
490 0 _aEirene
_vv. 3
500 _aReflexiones recogidas por el Seminario de Estudios sobre la Paz y los Conflictos de la Universidad de Granada
600 1 4 _aMercado Alonso, Inmaculada
600 1 4 _aSánchez Fernández, Sebastián
600 1 4 _aAlonso del Campo, urbano
600 1 4 _aRodero, Luis
600 1 4 _aJares, Xesus R.
600 1 4 _aLópez López, Mari Carmen
600 1 4 _aRodríguez Rojo, Martín
650 4 _aEDUCACION MORAL
650 4 _aEDUCACION PARA LA PAZ
650 4 _aVIOLENCIA
650 4 _aPAZ
650 4 _aECOLOGIA
650 4 _aCALIDAD DE VIDA
650 4 _aCRISIS CULTURAL
650 4 _aCAMBIO CULTURAL
650 4 _aCONFLICTO SOCIAL
650 4 _aPROBLEMAS SOCIALES
650 4 _aFORMACION PROFESIONAL
700 1 _aFernández Herrería, Alfonso
_eeditor
800 1 _aRubio, Ana
_edirector
942 _cBK
998 _cGLORIA
999 _c8883
_d8883